| 000 | 00350nam a2200145Ia 4500 | ||
|---|---|---|---|
| 008 | 230312s9999||||xx |||||||||||||| ||und|| | ||
| 020 | _a988-12617-5-5 | ||
| 082 |
_a747.852 _bQIN-A |
||
| 100 | _aQin;Zheng | ||
| 245 | 0 | _aAlexchol design partners | |
| 260 |
_bArtpower _aChina |
||
| 300 | _a115 | ||
| 650 |
_aArchitecture _vArchitecture |
||
| 942 | _cBK | ||
| 999 |
_c12746 _d12746 |
||